[Event "EU-ch 6th"]
[Site "Warsaw"]
[Date "2005.06.22"]
[Round "5"]
[White "Naiditsch, Arkadij"]
[Black "Nisipeanu, Liviu Dieter"]
[Result "0-1"]
[WhiteElo "2626"]
[BlackElo "2670"]
[Annotator "Ribli,Z"]
[PlyCount "82"]
[EventDate "2005.06.18"]
[EventType "swiss"]
[EventRounds "13"]
[EventCountry "POL"]
[SourceTitle "CBM 108"]
[Source "ChessBase"]
[SourceDate "2005.09.26"]
[SourceVersion "1"]
[SourceVersionDate "2005.09.26"]
[SourceQuality "1"]

1. e4 c5 2. Nf3 e6 3. d4 cxd4 4. Nxd4 Nc6 5. Nc3 Qc7 6. Be3 a6 7. Qd2 Nf6 8.
O-O-O Bb4 9. f3 Ne7 {Anderssons Zug - der Springer steht elastisch auf e7 und
gleichzeitig öffnet er die c-Linie.} 10. Nde2 b5 {Das ist eine moderne
Fortsetzung: in meiner Datenbank konnte ich nur Partien dieses Jahres mit
diesem Zug finden.} (10... d5 $5 {Dieser Zug ist heutzutage nicht modern, aber
nach meiner Meinung bietet er Schwarz gute Ausgleichchancen.}) 11. g4 (11. Qe1
Ba5 12. Qf2 d5 13. Bc5 b4 14. Na4 Rb8 15. Nd4 dxe4 16. Nb3 $44 {1-0 Karjakin,
S-Zhang Pengxiang/Tiayuan 2005/CBM 108 (26)}) (11. Kb1 Ba5 12. Qd4 Nc6 13. Qc5
Bb4 14. Qg5 O-O 15. Qg3 Ne5 16. h4 Bb7 17. h5 Ne8 {1/2-1/2 Topalov,V-Polgar,J/
Sofia 2005/CBM 107 (68)}) 11... h6 12. h4 (12. a3 Ba5 13. b4 {Dieser Plan
scheint mir ein wenig unnatürlich.} Bb6 14. Bxb6 Qxb6 15. Nd4 Bb7 16. h4 Nc6 (
16... e5 $5 17. Nb3 (17. Nf5 Nxf5 18. gxf5 Rc8) 17... d5) 17. Nb3 Ne5 18. Be2
O-O-O 19. g5 {1-0 L'Ami,E-Van der Elburg,F/Amsterdam 2005/(32)}) 12... Ba5 $5 {
[%mdl 4] Schwarz spielt ähnlich, wie Judit Polgar gegen Topalov (Topalov V -
Polgar,J Sofia 2005). Nach 11.Kb1 - war dort die weiße Drohung 12.Nxb5. Mit
dem Textzug bereitet Schwarz 13...b4 vor. Auch 12...d5 kommt in Betracht.} (
12... d5 13. a3 Ba5 14. b4 Bb6 15. Bxb6 Qxb6 16. Bh3 dxe4 17. fxe4 Nd7 18. g5
h5 19. Qd4 Qxd4 20. Nxd4 Ng6 {1/2-1/2 Landa,K-Dobrov,V/playchess.com 2005/CBM
106 ext (57)}) 13. a3 b4 (13... d5 14. b4 Bb6) 14. axb4 Bxb4 $13 {Weiß verfügt
über eine massive Bauernmacht am Königsflügel, aber am Damenflügel hat Schwarz
seine Gegenchancen; die b- und c-Linien sind geöffnet.} 15. Bh3 (15. Qd4 $6 Qa5
(15... Rb8 $2 16. Bf4 d6 17. Bxd6 Bxd6 18. Qxd6 $16) (15... Nc6 16. Qb6 $11)
16. Kb1 Rb8 $15) 15... Qa5 16. Kb1 d6 17. Nc1 {Dieser Zug scheint mir etwas
passiv; der konsequente Angriff am Königsflügel erscheint mir chancenreicher.}
(17. g5 $5) 17... Rb8 (17... Bxc3 18. Qxc3 Qxc3 19. bxc3 Kd7 $11) 18. N1a2 (18.
Nb3 Qc7 (18... Bxc3 19. Qxc3 Qxc3 20. bxc3 Kd7 $11) 19. g5 Nd7 $13) 18... Ba3
19. b3 Nd7 {Ein prophylaktischer Zug, der logisch ist, da Schwarz früher oder
später mit g4-g5 rechnen muss.} 20. g5 h5 $1 {Schwarz möchte die Stellung am
Königsflügel geschlossen halten.} 21. f4 Qc7 22. Bd4 O-O 23. g6 (23. f5 Ne5 24.
f6 N7c6 $13) 23... Nc5 {[%csl Gc5][%cal Gc5b3,Gb8b1] Schwarz beschäftigt sich
nicht mit dem g6-Bauern, sondern spielt auf Gegenangriff. Weiß muss mit Nxb3
rechnen.} (23... Nxg6 $6 24. f5 $44) (23... f5) 24. gxf7+ Rxf7 25. Rh2 Nc6 (
25... Nxb3 26. cxb3 Rxb3+ 27. Ka1 Bb2+ 28. Qxb2 Rxb2 29. Rxb2 Rxf4 $13) 26.
Bxc5 (26. Be3 a5 $36) 26... dxc5 27. Qd6 Nd4 (27... Qxd6 28. Rxd6 Nd4 $11) 28.
Qxc7 Rxc7 {Meiner Meinung nach ist der Damentausch in der Sizilianische
Verteidigung günstig für Schwarz. Hier hat Schwarz jedoch das Läuferpaar und
Chancen auf Initiative am Damenflügel.} 29. Ne2 $6 (29. Bf1 {[%csl Yc4][%cal
Gf1c4]} Rf7 30. Rf2 Bb7 31. Bc4 $11) 29... Nxe2 (29... Nf3 $5 {[%cal Rf3h2,
Rf3h4]} 30. Rd8+ Kf7 (30... Kh7 $6 31. Rf2 Nxh4 32. Bxe6 $132) 31. Rf2 Nxh4 32.
Rh8 c4 $17) 30. Rxe2 c4 $15 {[%cal Gb8b1,Gc7c1]} 31. Rd8+ Kf7 32. Re3 cxb3 (
32... Rcb7 $17) 33. cxb3 (33. Rxb3 Rxb3+ 34. cxb3 Be7 35. Rh8 Bxh4 36. Rxh5 Bg3
37. f5 Bb7 38. fxe6+ Kg6 39. Ra5 Bxe4+ $17) 33... a5 (33... Be7 34. Rh8 $15)
34. f5 Rb6 (34... e5 35. Bf1 $15) 35. Rc3 $6 (35. fxe6+ $142 Bxe6 36. Bxe6+
Kxe6 $15) 35... Rxc3 36. Nxc3 Rc6 (36... Rxb3+ 37. Kc2 Rb2+ 38. Kd1 Rh2 $17)
37. Nb5 (37. fxe6+ Bxe6 (37... Ke7 38. Rd3 Bxe6 39. Nd5+ $11) 38. Bxe6+ Rxe6
39. Rd5 Bb4 $15) 37... Rc1+ 38. Ka2 Be7 $1 {[%csl Ge7][%cal Ge7f6,Gf6a1,Ge7d8,
Gf6h4]} 39. Rh8 $2 {Dieser Zug ist nur scheinbar aktiv, in Wirklichkeit
entfernt sich der Turm vom Spielgeschehen.} (39. fxe6+ Bxe6 40. Bxe6+ Kxe6 41.
Nd4+ Ke5 (41... Kf7 42. Rd5 $11) 42. Re8 Kxd4 43. Rxe7 Rh1 44. Rxg7 Rxh4 45.
Rg5 $11) 39... exf5 $17 {[%csl Rh8]} 40. exf5 $2 (40. Bxf5 Bxf5 (40... Bf6 $4
41. Nd6+ Ke7 42. Nxc8+ Kf7 43. b4 a4 44. e5 Bxe5 45. Bb1 $18) 41. exf5 Rc5 (
41... Bf6 42. b4 Ra1+ (42... a4 43. Nd6+ Ke7 44. Nc8+ Kf7 (44... Kd7 45. Nb6+
Kd6 46. Nxa4 Rc4 $11) 45. Nd6+ $11) 43. Kb3 Rb1+ $17) 42. Nd4 Bf6 $17) 40...
Bd7 $19 {[%csl Ra2,Rb5,Gc1,Gd7,Ge7][%mdl 2048] Schwarz hat ausgezeichneten
Angriff: es "hängt" der Springer auf der b5 und gleichzeig droht 41...Bf6 mit
Mattangriff.} 41. Rb8 (41. Na3 Bf6 $19) (41. Kb2 Rh1 $19) 41... Bf6 {[%csl Ga2]
[%cal Rc1a1,Ra1a2]} (41... Bf6 42. b4 a4 $19) 0-1

[Event "Bermuda"]
[Site "Bermuda"]
[Date "2005.02.07"]
[Round "8"]
[White "Volokitin, Andrei"]
[Black "Macieja, Bartlomiej"]
[Result "1-0"]
[WhiteElo "2685"]
[BlackElo "2618"]
[Annotator "Ribli,Z"]
[PlyCount "87"]
[EventDate "2005.01.30"]
[EventType "tourn"]
[EventRounds "10"]
[EventCountry "BER"]
[EventCategory "17"]
[SourceTitle "CBM 106"]
[Source "ChessBase"]
[SourceDate "2005.06.06"]
[SourceVersion "1"]
[SourceVersionDate "2005.06.06"]
[SourceQuality "1"]

1. e4 c5 2. Nf3 e6 3. d4 cxd4 4. Nxd4 Nc6 5. Nc3 Qc7 6. Be3 a6 7. Qd2 Nf6 8.
O-O-O Bb4 9. f3 Ne5 10. Nb3 {Volokitin spielt gern und erfolgreich diese
Variante mit Weiß.} b5 11. Qe1 {Heutzutage ist diese Variante modern; die
frühere Fortsetzung war 11.Bd4. Die Hauptidee des Zugs besteht in der
Verbesserung der Damenstellung. Jetzt droht 12.Nxb5 mit sofortigem Gewinn.} Be7
(11... Bxc3 12. Qxc3 Qxc3 13. bxc3 d5 14. Bd4 $14 {[%csl Gd4]} Ned7 15. exd5
Nxd5 16. Bxg7 (16. c4 bxc4 17. Bxc4 $14) 16... Rg8 17. Bd4 Bb7 18. c4 $1 {
1/2-1/2 Iordachescu,V-Macieja,B/Bermuda 2004/CBM 099/[Ribli] (51)}) (11... Rb8)
12. f4 (12. Kb1 d6 13. Qf2 Rb8 14. g4 b4 15. Ne2 a5 16. g5 Nfd7 17. Nbd4 Nc4
18. Bc1 Qc5 19. Qg1 Ndb6 20. Ng3 Bd7 {1/2-1/2 Balogh,C-Portisch,L/Miskolc 2004/
(26)}) 12... Nc4 (12... Ng6 13. e5 Ng4 14. Bd2 $5 h5 (14... Bb7 15. Bd3 Bxg2
16. Rg1 Bf3 17. Be4 Bh4 18. Qf1 Bxe4 19. Nxe4 Rc8 20. Nd6+ Ke7 21. Kb1 Qxc2+
22. Ka1 Nxh2 23. Qh3 {1-0 Zakurdjaeva,I-Ovod,E/St Petersburg 2004/CBM 101 ext 
(55)}) 15. Bd3 Bb7 16. Ne4 Rc8 17. Kb1 Nh4 18. Rg1 {1-0 Vallejo Pons,F-Handke,
F/Bundesliga 2004/05 (25)}) 13. e5 $1 {Dieser Zug verschafft Weiß Raumvorteil
im Zentrum.} Ng4 14. Bd4 Bb7 (14... f5 15. h3 Nh6 16. Qf2 $14 {[%csl Rh6][%cal
Gf2a7]} Bb7 (16... Rb8 17. Ba7 Rb7 18. Bc5 Bxc5 19. Nxc5 Rb6 20. Bxc4 bxc4 21.
N3a4 Rc6 22. Qd4 {1-0 Perez Candelario,M-Damljanovic,B/Sanxenxo 2004/(76)}) 17.
Bxc4 $1 bxc4 18. Bb6 Qc6 (18... Qc8 19. Na5 Bb4 20. Qd4 Bxc3 21. Qxc3 Bd5 22.
Qb4 Rb8 23. c3 $14 {1/2-1/2 Fluvia Poyatos,J-Javakhishvili,L/Barcelona 2004/ 
(50)}) 19. Na5 $14 Qxg2 20. Qd4 Bc8 21. Bc5 Bxc5 22. Qxc5 $18 {1-0 Grischuk,
A-Geller,J/Sochi 2004/CBM 101/[Ribli] (27)}) 15. Bxc4 $146 {[%mdl 4] Weiß
tauscht die beste schwarze Figur.} (15. Bd3 f5 16. h3 Nh6 17. Rg1 Rc8 18. g4 (
18. Qf2 d6 19. Bxc4 bxc4 20. Bb6 Qb8 21. exd6 Bxd6 22. Nc5 $14) 18... b4 19.
Na4 Bf3 20. gxf5 Nxf5 21. Bxf5 exf5 22. Nac5 Bxd1 23. Qxd1 $44 {1-0 Karjakin,
S-Grabliauskas,V/Dos Hermanas 2004/CBM 99 ext (55) Ftacnik}) 15... bxc4 (15...
Qxc4 $2 16. Qg3 {[%cal Rg3g7]} h5 17. h3 $16) 16. Nd2 (16. Qg3 $2 cxb3 17. Qxg4
bxa2 18. Nxa2 O-O $15) 16... Nh6 {[%cal Gh6f5]} (16... d5 17. exd6 Qxd6 18.
Bxg7 (18. Nxc4 Qxf4+ $132) 18... Rg8 19. Be5 Nxe5 20. fxe5 $14) 17. Qe2 Rc8 $6
{Eine logisch konsequenter Zug, um den c4-Bauern zu verteidigen.} (17... Nf5 $5
{Es ist viel leichter in der Analyse einen Bauern opfern, als in der Partie.
Ich bin gar nicht sicher, ob dieses Bauernopfer korrekt ist, aber es verdient
Aufmerksamkeit.} 18. Nde4 (18. Nxc4 Rc8 19. b3 Qc6 $44) (18. Qxc4 Qxc4 19. Nxc4
Bxg2) 18... O-O {Auf diese Weise hätte sich Schwarz den Zug Rac8 sparen können.
}) 18. Nde4 Nf5 (18... O-O 19. g4 $14) 19. g4 $1 $14 {Weiß kann nicht den
starken Springer auf f5 belassen.} Nxd4 20. Rxd4 {[%csl Gd4,Yd6,Ge4][%cal
Gh1d1,Gd1d7][%mdl 2048] Weiß hat ausgezeichnetes Figurenspiel.
Interessanterweise ist in dieser konkreten Stellung das Springerpaar stärker
als das Läuferpaar. Das Feld d6 ist ein ewiges positionelles Loch in der
schwarze Stellung.} f6 21. Rhd1 {[%csl Rd7][%cal Rd1d7,Ge4d6]} fxe5 22. Rxd7 (
22. fxe5 Qxe5 23. Rxd7 Bc6 24. Nd6+ Bxd6 25. R7xd6 Qxe2 26. Nxe2 $14) 22...
Qxd7 23. Rxd7 Kxd7 24. fxe5 {[%csl Rd7] Nach der Vereinfachung ist eine
Stellung erreicht, in der Weiß Dame und Bauern gegen zwei Türme besitzt. Der
schwarze König steht exponiert in der Mitte.} Rhf8 25. a3 {Mit diesem
profilaktischen Zug sichert Weiß seine Königsstellung.} Bxe4 $6 {Schwarz hilft
dem Gegner, indem er sein Läuferpaar aufgibt.} (25... Rc6 $5 {[%cal Gd7c7]
Dieser Zug sieht nicht schön aus, aber wahrscheinlich ist er nicht so schlecht.
}) 26. Nxe4 Rc6 27. Qd1+ Ke8 28. g5 {[%cal Gd1h5,Gh5e8,Gh5h7]} c3 (28... g6 29.
Qd4 $16 {[%cal Gd4a7]} (29. Nf6+ Bxf6 30. gxf6 $16 {[%csl Ge5,Gf6]})) 29. Nxc3
Bxg5+ 30. Kb1 Rf5 31. Ne4 {[%cal Re4d6,Rd6e8,Rd6f5]} (31. Qh5+ $6 Kd7 32. Qxh7
Bh6 33. Qg6 Rxe5 $132) 31... Be7 32. Qd4 $1 $16 {[%csl Gd4,Ge4][%cal Gd4a7]
Nach dem Springer zentralisiert Weiß nun auch seine Dame, um auf a7 in die
gegnerische Stellung einzudringen und den Bauern auf a8 zu gewinnen.} g5 (32...
Rh5 33. c3 Rxh2 34. Qa7 $16 {[%cal Ra7b7,Rb7c6]}) 33. Qa7 Rf1+ 34. Ka2 Rxc2 35.
Qxa6 {[%cal Ra6e6,Ra6f1] Pe6 und Rf1 sind gleichzeitig angegriffen.} Rcc1 36.
Qxe6 $18 {[%csl Ge4,Ge5,Ge6,Re8]} Ra1+ 37. Kb3 Rf3+ 38. Kc2 Re1 39. Nd6+ Kf8 (
39... Kd8 40. Qc8#) 40. Qh6+ (40. Qc8+ Kg7 41. Nf5+ $18) (40. Nf5 $18) 40...
Kg8 41. Qe6+ Kf8 42. Nf5 Rf2+ 43. Kb3 Bd8 44. Qd7 (44. Qd6+ Ke8 45. Qc6+ $18)
1-0

[Event "Sarajevo Bosnia 35th"]
[Site "Sarajevo"]
[Date "2005.05.19"]
[Round "1"]
[White "Shirov, Alexei"]
[Black "Movsesian, Sergei"]
[Result "1-0"]
[WhiteElo "2714"]
[BlackElo "2628"]
[Annotator "Ribli,Z"]
[PlyCount "79"]
[EventDate "2005.05.19"]
[EventType "tourn"]
[EventRounds "9"]
[EventCountry "BIH"]
[EventCategory "16"]
[SourceTitle "CBM 108"]
[Source "ChessBase"]
[SourceDate "2005.09.26"]
[SourceVersion "1"]
[SourceVersionDate "2005.09.26"]
[SourceQuality "1"]

1. e4 {Ftacnik} c5 2. Nf3 Nc6 3. d4 cxd4 4. Nxd4 Qc7 5. Nc3 e6 6. Be3 a6 7. Qd2
Nf6 8. O-O-O {Shirov spielt gern diese Variante mit Weiß, die besonders in der
letzten Zeit populär wurde.} b5 $5 {Das ist eine beliebte Variante des
schwarzen Spielers. Nach 8...Bb4 9.f3 (die eigentliche Hauptvariante) hat
Schwarz drei verschiedene Möglichkeiten - 9...Na5, 9...Ne7 und 9...Ne5.} 9. Bf4
(9. Nxc6 Qxc6 10. f3 d6 {[%cal Gf6d7]}) 9... Qb6 10. Nxc6 $5 {Ftacnik: 'This
natural move is a novelty, white refuses to lose the tempo for artificial
solutions of the knight's problem.' Das ist eine relativ selten gespielte
Fortsetzung - die Hauptalternative ist 10.Nb3.} (10. e5 Qxd4 11. Qxd4 Nxd4 12.
Rxd4 Ng4 $132) 10... dxc6 (10... Qxc6 11. f3 $14) 11. e5 $6 {Dieser Zug kommt
mit Tempo, aber die Alternativen scheinen mir besser.} (11. Bd6 Bxd6 12. Qxd6
Ra7 13. Qg3 O-O 14. e5 Nd5 15. Ne4 Kh8 16. Qh4 (16. h4 $5) 16... c5 17. c4 Ne7
18. Nd6 Nf5 19. Qf4 Qa5 20. Kb1 Nxd6 21. exd6 Rd7 22. h4 Bb7 $11 {1-0 Gashimov,
V-Mastrovasilis,D/Nakhchivan 2003/(51)}) (11. Bd3 $5 Be7 12. e5 Nd5 13. Nxd5
cxd5 14. Be3 Qc7 15. f4 b4 16. Rhf1 a5 17. f5 {1-0 Navara,D-Movsesian,S/Prague
2005/(65)}) 11... Nd5 (11... Nd7 12. Ne4 Ra7 13. h4 c5 14. h5 h6 15. Rh3 Qc6
16. Qe1 $14 {1-0 Spasov,V-Mastrovasilis,D/Calvia (ol) 2004/(49)}) 12. Ne4 {
[%csl Yd6][%cal Ge4d6] Das ist die weiße Strategie - er kontrolliert das Feld
d6.} Ra7 $1 {[%csl Ga7][%cal Ga7d7][%mdl 4]} (12... Nxf4 {Ftacnik} 13. Qxf4 Ra7
14. Be2 Qa5 15. Kb1 $16) 13. h4 (13. Bg3 Rd7 14. Be2 $5 $13) 13... Rd7 14. Bg3
c5 $1 $132 (14... Nb4 {Ftacnik} 15. Nd6+ Bxd6 16. exd6 c5 17. a3 Nd5 18. h5 $36
) 15. h5 {Ftacnik: 'Shirov refuses to be nervous about the potential discovery
moves by the knight from d5 since he can always jump to d6 with the cavalry of
his own. '} h6 {Es ist notwendig, dass Schwarz die Möglichkeit h5-h6
verhindert.} (15... Nb4 {Ftacnik} 16. Nd6+ Bxd6 17. exd6 Nxa2+ 18. Kb1 Nb4 19.
h6 $40) 16. Rh4 $6 {[%cal Gh4g4] Weiß bringt seinen Turm über die vierte
Reiche ins Spiel, aber die Alternative 16.Nd6+ wäre besser.} (16. Nd6+ Bxd6 17.
exd6 O-O 18. Rh4 {Mit Zugumstellung wäre die Partiefortsetzung erreicht.}) (16.
Be2 c4 17. Qe1) 16... c4 $6 (16... Be7 $1 17. Rg4 (17. Nd6+ Rxd6 18. exd6 Bxh4
19. Bxh4 Qxd6 20. g4 O-O 21. g5 Qh2 $1 22. Bg3 Qxh5 23. gxh6 Qxh6 24. Qxh6 gxh6
25. Bd6 Re8 26. Bxc5 Bb7 $17) 17... Nf6 $1 18. Nxf6+ gxf6 19. Qe1 Rxd1+ 20.
Qxd1 f5 21. Rh4 $1 $13) 17. Nd6+ Bxd6 18. exd6 O-O 19. Rg4 $1 $36 {[%cal Gg4g8,
Rd2h6]} f5 {'?' Ftacnik. Ftacnik: 'Movsesian had to face a very serious threat
of Qxh6 and out of three decent defences only one was correct. The refutation
of this active choice is impressive.'} (19... Nf6 $2 20. Rxg7+ $1 Kxg7 21. Be5
$44 {[%csl Ge5,Rf6,Rg7][%cal Rd2f4]}) (19... Kh7 $5 {Ftacnik} 20. Qd4 Qxd4 21.
Rgxd4 Bb7 $13) 20. Qxh6 {'!' Ftacnik.} fxg4 $6 (20... Rdf7 $1 21. Rg6 (21. Rg5
$5 f4 22. Bh4 Qa5 23. a3 b4 24. Bxc4 bxa3 25. Bd3 $1 axb2+ 26. Kxb2 Rb7+ 27.
Kc1 Qa3+ 28. Kd2 Qb4+ 29. Ke2 f3+ 30. Kf1 Qxh4 31. Qh7+ Kf7 32. Qg6+ Kg8 $11)
21... f4 22. Bh4 $1 (22. d7 Bxd7 23. Rxd5 Qa5 $1) 22... Qxd6 23. a3 $1 (23. Qg5
$2 c3 24. a3 b4 $1) 23... Qc7 24. Qg5 c3 25. b4 a5 26. Rh6 $5 Ne7 $1 (26... Rf6
27. Rxf6 Rxf6 28. Qg4 $40) 27. Bd3 e5 28. Bh7+ Kh8 29. Be4+ Kg8 (29... gxh6 $4
30. Qxh6+ Kg8 31. Bf6 $18) 30. Bh7+ $11) 21. Qxe6+ Rdf7 22. Qxd5 $44 {[%csl
Gd6,Gg3] Ftacnik: 'In the effect white has a bishop and two pawn for the
exchange, but most of all his pieces are dominating the position.' Weiß hat
zwei Bauern für die Qualität und dank seinem starken d6-Bauern gefährliche
Initiative.} Qd8 $5 (22... Bf5 23. Re1 Qa5 $6 24. Re5 c3 25. Bc4 $1) (22... Re8
23. h6 $1) 23. b3 $1 {Weiß möchte seinen weißen Läufer auf f1 aktivieren.} Qf6
(23... Bb7 24. Qd4 Qg5+ 25. Kb2 cxb3 26. axb3 Qxh5 27. Be2 $36) 24. bxc4 $1 (
24. Qd4 $6 Qxd4 25. Rxd4 Rxf2 26. Bxf2 Rxf2 27. Bxc4+ bxc4 28. d7 Bxd7 29. Rxd7
c3 $5 30. Rd3 Rf1+ 31. Rd1 Rf2 32. Rd3 $11) (24. Kb1 Be6 25. Qd2 $5 $14) 24...
Qa1+ 25. Kd2 Qxa2 26. Bd3 $1 Qa5+ $6 (26... Re8 $142 $1 27. Be5 $1 (27. Bg6
Qa5+ 28. Kc1 Qa1+ $11) 27... Be6 28. Qd4 bxc4 29. Bg6 Ref8 30. Bxf7+ Rxf7 31.
Re1 $5 $36) 27. Ke2 $1 (27. Kc1 Qa1+) 27... Bb7 28. Qe6 Bxg2 29. h6 $3 {
[%mdl 64] '!' Ftacnik. Ftacnik: 'Shirov opens up the access to the black king
even at a cost of his last rook.' Eine ausgezeichnete Fortsetzung: Weiß opfert
weiteres Material und spielt auf direkten Angriff.} Bf3+ $2 (29... Qd8 30. Kd2
$1 (30. Bg6 Bf3+ 31. Kf1 Bxd1 32. Bxf7+ Rxf7 33. h7+ Kxh7 34. Qxf7 Bf3 $1 35.
Qf5+ Kh8 36. Be5 Bc6 37. Qxg4 Qd7 38. Qg3 $5 $14) 30... Qg5+ (30... Qa5+ 31. c3
b4 32. hxg7 bxc3+ 33. Ke2 Bf3+ 34. Kf1 Qh5 35. gxf8=Q+ Kxf8 36. Ke1 $18) 31.
Kc3 $1 b4+ 32. Kb2 Bc6 33. Bg6 Qf6+ 34. Qxf6 Rxf6 35. h7+ Kh8 36. Bd3 a5 37. c5
$16) 30. Kf1 bxc4 31. Bg6 $1 $18 {Weiß beschäftigt sich nicht mit dem d1-Turm;
der Angriff am Königsflügel ist wichtiger.} Bxd1 32. hxg7 Kxg7 33. Bxf7 {
Ftacnik: 'A fascinating picture of bishops that were set free to hunt the
enemy king. Movsesian manages to prolong the game with the best resistance.'}
Bxc2 (33... Rxf7 34. Be5+ $18) 34. Be5+ Kh7 35. Qe7 $6 {Weiß kompliziert das
Spiel, aber letztlich führt der Textzug zum Gewinn.} (35. Bg6+ Bxg6 36. Qe7+
Kh6 (36... Bf7 37. Qh4+ Kg6 38. Qf6+ Kh5 39. Qf5+ Kh6 40. Bf4+ Kg7 41. Qxa5 $18
) 37. Qxf8+ Kh5 38. Qh8+ Kg5 39. Bf6+ Kf5 40. d7 $18) (35. Qf6 $1 $18) 35...
Qd8 (35... Bd3+ 36. Kg2 Qd8 37. Bxc4+ Qxe7 38. Bxd3+ Kg8 39. dxe7 Re8 40. Bc4+
$18) 36. Bg8+ $1 {Ftacnik: 'The final concert of white bishop's (queen
politely included) is a real chess feast.'} Kg6 (36... Kh6 37. Bg7+ $18) 37.
Bh7+ Kh5 38. Bxc2 Qxe7 39. dxe7 Re8 40. Bd6 1-0